000 00950nam a2200301 a 4500
001 vtls001359847
003 NLI
005 20210627081533.0
008 120625s1968 dcu f000 0 eng
039 9 _y201206251830
_zVLOAD
040 _aNLI
_beng
_cDatasoft_FOD_6
_eAACR2
041 0 _aeng
044 _a dcu
082 0 4 _a 358.420973
110 1 _aUnited States.
_bDepartment of Navy
_9716035
245 1 0 _aLeadership support manual /
_cUnited States, Department of Navy
260 _aWashington, D. C. :
_bThe Department,
_c1968
300 _aVarious pagings ;
_c26 cm.
500 _aNAVPERS 15934-B
650 0 _aCommand of troops
_zUnited States
_vManual
_9737124
650 0 _aLeadership
_zUnited States
_vManual
_9737125
887 _a
901 _aAD 49801
_b15.01.1974
_915934-B
902 _aU.S 358.420973 Un 3
904 _l3935
949 _AVIRTUAITEM
_D10002
_X100
_6FOD000049801ENG
_915934-b
942 _2ddc
_cBKS
999 _aVIRTUA40
_c720422
_d720422